Statistics for Countries that start with L

Click here to take the quiz!

General Stats

  • This quiz has been taken 43 times
  • The average score is 8 of 9

Answer Stats

ContinentAnswer% Correct
AsiaLaos
93%
EuropeLatvia
93%
AfricaLibya
93%
EuropeLithuania
93%
EuropeLuxembourg
90%
AfricaLiberia
88%
AsiaLebanon
85%
EuopreLiechtenstein
80%
AfricaLesotho
76%

Score Distribution

Percentile by Number Answered

Percent of People with Each Score

Your Score History

You have not taken this quiz